000 00573nam a2200193Ia 4500
005 20250508165646.0
008 008 250505s9999 xx 000 0 eng d
037 _aReference
040 _aFEDL
_beng
_cFEDL
041 _aeng
_2eng
084 _a510, NCE/RR
_qFEDL
245 0 _aLets mathematics Book five : a textbook for class - v
245 0 _cNational council of educational research and training
260 _aDelhi, India
_bNCERT
_c2003
300 _aiv,328p.
365 _aINR
_b30
942 _cREF
_h510, NCE/RR
999 _c1396564
_d1396564